00250nam a2200097Ia 4500001000800000005001700008008004100025020001800066245004900084260001900133127230220260417151426.0260417s9999 xx 000 0 und d a9786257854856 0aDinozor Rori’nin Evcil HayvanıcLiz Climo bKetebe Çocuk